Tekst "Last Christmas" ale fonetycznie - Statystyki

Ogólne statystyki
  • Ten quiz został rozwiązany 20 razy
  • Średni wynik to 5 z 8
Statystyki odpowiedzi
Tekst Luka % Poprawnych
Aj gejf ju ____ hart maj
100%
Bat de weri ____ dej nekst
90%
Diz _____ jer
70%
Ju gej it ____ ełej
65%
___ giwit aj
60%
Tu ____ mi from tirz sejw
55%
tu som łom ____ speszial
20%
Lazd _____ kristmaz
10%
Nie znaleziono quizów pasujących do podanych kryteriów
Rozkład punktacji
Procent ludzi z każdym wynikiem
Percentyl według liczby udzielonych odpowiedzi
Twoja historia wyników
Nie rozwiązałeś tego quizu